|
|
|
|
| LEADER |
02315nam a2200565 a 4500 |
| 001 |
nkc20061701070 |
| 003 |
CZ PrNK |
| 005 |
20070307101524.0 |
| 007 |
ta |
| 008 |
061207s2006 xr e p 000 0 cze |
| 015 |
|
|
|a cnb001701070
|
| 020 |
|
|
|a 80-244-1417-1
|q (brož.) :
|c neprodejné
|
| 035 |
|
|
|a (OCoLC)124089546
|
| 040 |
|
|
|a OLA001
|b cze
|
| 072 |
|
7 |
|a 37
|x Výchova a vzdělávání
|2 Konspekt
|9 22
|
| 072 |
|
7 |
|a 37.016
|x Učební osnovy. Vyučovací předměty. Učebnice
|2 Konspekt
|9 22
|
| 080 |
|
|
|a 616-083
|2 MRF
|
| 080 |
|
|
|a 377.35
|2 MRF
|
| 080 |
|
|
|a 37.091.33-027.22
|2 MRF
|
| 080 |
|
|
|a 37.016.026
|2 MRF
|
| 080 |
|
|
|a (075.8)
|2 MRF
|
| 100 |
1 |
|
|a Cichá, Martina,
|d 1972-
|7 xx0006808
|4 aut
|
| 245 |
1 |
0 |
|a Didaktika praktického vyučování zdravotnických předmětů 1 /
|c Martina Cichá, Zlatica Dorková
|
| 250 |
|
|
|a 1. vyd.
|
| 260 |
|
|
|a Olomouc :
|b Univerzita Palackého v Olomouci,
|c 2006
|
| 300 |
|
|
|a 86 s. ;
|c 30 cm
|
| 490 |
1 |
|
|a Texty k distančnímu vzdělávání v rámci kombinovaného studia
|
| 500 |
|
|
|a Nad názvem: Univerzita Palackého v Olomouci, Pedagogická fakulta
|
| 504 |
|
|
|a Obsahuje bibliografii
|
| 521 |
8 |
|
|a Určeno pro studenty pedagogického studia absoloventů středních škol
|
| 650 |
0 |
7 |
|a ošetřovatelství
|7 ph123893
|2 czenas
|
| 650 |
0 |
7 |
|a odborný výcvik
|7 ph123683
|2 czenas
|
| 650 |
0 |
7 |
|a praktické činnosti
|7 ph124549
|2 czenas
|
| 650 |
0 |
7 |
|a předmětová didaktika
|7 ph162893
|2 czenas
|
| 650 |
0 |
9 |
|a nursing
|2 eczenas
|
| 650 |
0 |
9 |
|a vocational education
|2 eczenas
|
| 650 |
0 |
9 |
|a practical activities
|2 eczenas
|
| 650 |
0 |
9 |
|a teaching school subjects
|2 eczenas
|
| 653 |
0 |
|
|a praktické vyučování
|
| 655 |
|
7 |
|a učebnice vysokých škol
|7 fd133772
|2 czenas
|
| 655 |
|
9 |
|a textbooks (higher)
|2 eczenas
|
| 700 |
1 |
|
|a Dorková, Zlatica,
|d 1981-
|7 ola364350
|4 aut
|
| 710 |
2 |
|
|a Univerzita Palackého.
|b Pedagogická fakulta
|7 kn20010709375
|
| 830 |
|
0 |
|a Texty k distančnímu vzdělávání v rámci kombinovaného studia
|0 s
|
| 856 |
4 |
1 |
|u http://www.digitalniknihovna.cz/mzk/uuid/uuid:e406a9f0-6ae0-11e7-aab4-005056827e52
|y Digitalizovaný dokument
|x NDK
|
| 910 |
2 |
|
|a BOA001
|b 3-1178.559
|
| 990 |
|
|
|a BK
|
| 995 |
|
|
|a 01
|
| 991 |
|
|
|b 200701
|c NOV
|
| 996 |
7 |
|
|b 2610298177
|c 3-1178.559
|l MZK
|r Sklad / do 1 hodiny
|n 30
|p p.v.
|w 000837034
|u 000010
|a 1
|e BOA001
|j MZK50
|s A
|